|
|
|
|
| LEADER |
00000nam0a2200000 4500 |
| 001 |
324869 |
| 005 |
20231102003716.0 |
| 035 |
|
|
|a (RuTPU)RU\TPU\book\350480
|
| 090 |
|
|
|a 324869
|
| 100 |
|
|
|a 20161123d1971 km y0rusy50 ca
|
| 101 |
0 |
|
|a rus
|
| 102 |
|
|
|a RU
|
| 105 |
|
|
|a a z 001zy
|
| 200 |
1 |
|
|a Оптико-электронные приборы для ориентации и навигации космических аппаратов
|f Я. М. Ивандиков
|
| 210 |
|
|
|a Москва
|c Машиностроение
|d 1971
|
| 215 |
|
|
|a 200 с.
|c ил.
|
| 320 |
|
|
|a Библиогр.: с. 195-197
|
| 606 |
1 |
|
|a Космические летательные аппараты
|x Навигация
|2 stltpush
|3 (RuTPU)RU\TPU\subj\15842
|9 42049
|
| 610 |
1 |
|
|a ориентация
|
| 610 |
1 |
|
|a оптико-электронные приборы
|
| 610 |
1 |
|
|a построение
|
| 610 |
1 |
|
|a построители
|
| 610 |
1 |
|
|a Солнце
|
| 610 |
1 |
|
|a датчики
|
| 610 |
1 |
|
|a звезды
|
| 675 |
|
|
|a 629.782.05
|v 4
|
| 700 |
|
1 |
|a Ивандиков
|b Я. М.
|g Яков Моисеевич
|
| 801 |
|
1 |
|a RU
|b 63413507
|c 20161123
|
| 801 |
|
2 |
|a RU
|b 63413507
|c 20210720
|g RCR
|
| 942 |
|
|
|c BK
|